000 00494nam a2200181Ia 4500
005 20250923145916.0
008 008 250917s9999 xx 000 0 eng d
037 _aReference
040 _aDSWL
_beng
_cDSWL
041 _aeng
_2eng
084 _aZ2,111'N60, N60;2
_qDSWL
245 4 _aThe children act, 1960
260 _aDelhi
_b Manager of Publication
_c1994
365 _aINR
_b1.20
925 _g1.20
942 _cREF
_hZ2,111'N60, N60;2
999 _c1457214
_d1457214